[Event "Bundesliga 0203"]
[Site "Germany"]
[Date "2003.03.08"]
[Round "12.1"]
[White "Hracek, Zbynek"]
[Black "Movsesian, Sergei"]
[Result "1-0"]
[WhiteElo "2607"]
[BlackElo "2651"]
[Annotator "Hracek/Meyer,CD"]
[PlyCount "39"]
[EventDate "2002.10.19"]
[EventType "team-tourn"]
[EventRounds "15"]
[EventCountry "GER"]
[SourceTitle "CBM 094"]
[Source "ChessBase"]
[SourceDate "2003.05.26"]
[SourceVersion "1"]
[SourceVersionDate "2003.05.26"]
[SourceQuality "1"]
[WhiteTeam "Werder Bremen"]
[BlackTeam "Neukoelln"]
[WhiteTeamCountry "GER"]
[BlackTeamCountry "GER"]

1. e4 c5 2. Nf3 d6 3. Bb5+ Nc6 4. c3 ({Viel gebräuchlicher ist} 4. O-O {
, dazu ein Partieanfang von Hracek (mit den schwarzen Steinen) gegen einen
jungen Bundesligakollegen vom SV Werder Bremen:} Bd7 5. Re1 Nf6 6. h3 a6 7. Bf1
e5 8. c3 Be7 9. d4 O-O 10. d5 Na7 11. Nxe5 dxe5 12. d6 Bc6 13. dxe7 Qxe7 14.
Qc2 $14 {L. McShane - Z. Hracek, Selfoss 2002, remis/36}) 4... Qb6 $5 {Stellt
der letzte weiße Zug schon einen Versuch dar, frühzeitig Schärfe ins Spiel zu
bringen, so ist die ebenso seltene wie kecke Erwiderung erst recht
ungewöhnlich. Die soliden, oft gewählten Alternativen sind 4...Nf6 und 4...Bd7,
dazu ein paar interessante Informationen:} (4... Nf6 5. Qe2 (5. e5 dxe5 6. Nxe5
Qd5 7. Nxc6 bxc6 $6 (7... Bd7 $11 8. Qf3 Qxf3 9. gxf3 Bxc6 10. Bxc6+ bxc6 11.
d3 e6 12. Nd2 Nd7 13. Nc4 Nb6 14. Na5 Kd7 15. Be3 Rb8 16. O-O-O {S. Sulskis -
J. Degraeve, Cappelle la Grande 2001, 1:0/31}) 8. Be2 $1 $14 Bf5 9. d3 Rd8 10.
O-O Bxd3 11. Bxd3 Qxd3 12. Qa4 {S. Cicak - Z. Hracek, CZE 2001/EXT 2002, remis/
42}) 5... Bd7 (5... e5 6. d4 exd4 7. cxd4 a6 8. e5 Nd5 9. exd6+ Be6 10. Bxc6+
bxc6 11. dxc5 Qa5+ 12. Bd2 Qxc5 13. O-O Kd7 14. Na3 Bxd6 15. Rab1 Bf5 16. Rbc1
Rhe8 17. Qd1 Qa7 18. Nc4 Bc7 19. Bc3 f6 20. Nd4 Be6 21. Nxc6 Kxc6 22. Bd4 Qb8
23. Qa4+ {1-0, G. Kasparov - M. Petursson, Kopavogur 2000}) 6. d4 cxd4 7. cxd4
a6 8. Bxc6 (8. Ba4 d5 9. exd5 Qa5+ 10. Nc3 Nxd5 11. Bd2 Nxc3 12. Bxc6 Bxc6 13.
bxc3 e6 14. c4 Bb4 15. d5 Bxd2+ 16. Nxd2 Bd7 17. O-O O-O 18. d6 Rfd8 19. Qe3
Rac8 20. Rfc1 Qc5 {S. Cicak - V. Babula, CZE 2001, remis/43}) 8... Bxc6 9. d5
Bd7 10. Nc3 g6 11. O-O Bg7 12. Be3 O-O 13. Bd4 {[%mdl 32] Polgar has chosen
positional compensation for the opponent's bishop's pair, white pieces have
excellent control of the center.} Bg4 14. h3 Bxf3 15. Qxf3 Rc8 16. Rac1 b5 17.
Qe3 Qd7 18. Ne2 e6 19. dxe6 Qxe6 20. f3 $14 {J. Polgar - S. Tiviakov, Ohrid
2001, 1:0/30}) (4... Bd7 5. O-O Nf6 6. Re1 a6 7. Bxc6 (7. Bf1 Bg4 8. d4 cxd4 9.
cxd4 Bxf3 10. gxf3 e5 {unklar, T. Mocchi - S. Movsesian, Nova Gorica 2000, 0:1/
41}) 7... Bxc6 8. d4 cxd4 9. cxd4 Bxe4 10. Nc3 (10. Bg5 Qa5 $1 {[%cal Ra5g5,
Ra5e1]}) 10... Bxf3 11. Qxf3 e6 12. Qxb7 Qc8 13. Qf3 Be7 14. Qg3 (14. d5 e5 15.
Bg5 O-O 16. Ne4 Nxd5 17. Nxd6 Qe6 18. Rad1 {I. Smirin - B. Alterman, Struga
1995, remis/31}) 14... O-O 15. Bh6 Ne8 16. Nd5 (16. d5 Kh8 17. Bd2 Nf6 18. Rac1
e5 19. Qd3 Qb7 {unklar, M. Chandler - C.D. Meyer, Bundesliga 1999/2000, remis/
36}) 16... Bd8 17. Nf4 Qc2 18. Rac1 Qf5 {unklar, A. Auletta - S. Tiviakov,
Ischia 1998, 0:1/23}) 5. Na3 ({Über den Wert dieses Zuges kann man geteilter
Meinung sein, die naheliegende Alternative} 5. Ba4 $5 {kam freilich auch in
Betracht.}) 5... Bg4 $6 {Spätestens an dieser Stelle dürften die Akteure "auf
eigenen Beinen" gestanden haben. Während Schwarz die Entwicklung seines
Königsflügel weiter vernachlässigt, strebt Weiß darauf konsequent die gebotene
Stellungsöffnung an.} ({Für geeignet hält der Großmeister dagegen} 5... Nf6 {
, z.B.} 6. e5 (6. Qe2 $5 Bg4 7. Nc4 Qc7 8. e5) (6. d3 $5) 6... dxe5 7. Nxe5 Bd7
8. Nxd7 Nxd7 9. O-O e6 10. d3 a6 (10... Be7 11. Qf3 Rc8 12. Qg3 O-O 13. Re1 $14
) 11. Ba4 {/Nc4} Qc7 $1 $11) 6. d4 $1 {Läßt den gegnerischen Läuferausfall
angesichts der Drohung d4-d5 als fraglich erscheinen.} (6. h3 Bxf3 7. Qxf3 Nf6
$11) 6... cxd4 (6... O-O-O $6 7. h3 $5 (7. d5 Ne5 8. Be2 Bxf3 9. gxf3 e6 {
, unklar}) (7. O-O e6 $5) 7... Bxf3 (7... Bh5 8. g4 $5 Bg6 9. d5 Ne5 10. Nd2
$16) 8. Qxf3 Nf6 9. dxc5 dxc5 10. O-O e6 (10... e5 11. Be3 $16) 11. Bf4 $16) 7.
cxd4 (7. Qxd4 Qxd4 8. Nxd4 Bd7 $11) 7... a6 8. Ba4 $1 {Der Erhalt des
weißfeldrigen Läufers hält mehr Spannung aufrecht und stellt dem Gegner
schwere Probleme.} (8. Bxc6+ bxc6 9. Qa4 Nf6 10. Be3 $14) 8... d5 $6 {Wieder
"freizügig formuliert", indes ist eine befriedigende Fortsetzung schon schwer
zu finden:} (8... e5 $6 9. O-O $1 Bxf3 10. Qxf3 Qxd4 11. Qb3 $1 {mit heftigem
Angriff:} Rd8 (11... b5 12. Bxb5 $1 axb5 13. Nxb5 Qa4 14. Nc7+) 12. Bg5 $16
Nge7 13. Rfd1) (8... Bxf3 $5 9. gxf3 d5 $5 {(am zähesten)} (9... Qb4+ $2 10.
Bd2 Qxd4 11. Qb3 $1 Qa7 (11... b5 12. Nxb5 $18 axb5 13. Bxb5 Qb6 14. Rc1 Rc8
15. Rxc6 (15. Be3) 15... Rxc6 16. Bxc6+ Qxc6 17. Qb8+ Kd7 18. Qxf8) 12. Rc1 Nf6
(12... Rc8 13. Be3 Qa8 14. Nc4 $18) 13. Be3 Qb8 14. Bxc6+ bxc6 15. Qa4 $16) 10.
exd5 (10. O-O $6 Nf6) 10... Qa5+ 11. b4 $1 Qxd5 (11... Qxb4+ $2 12. Ke2 $1 b5
13. dxc6 bxa4 (13... Qxa4 14. Qxa4 bxa4 15. Nc4 $18) 14. c7 Rc8 15. Rb1 Qa5 16.
Nc4 Qxc7 17. Qxa4+ Kd8 (17... Qd7 18. Qxd7+ Kxd7 19. Nb6+ $18) 18. Ne5 $18) 12.
b5 axb5 13. Nxb5 Kd8 (13... Rc8 14. Bf4) 14. Nc3 Qa5 (14... Qxd4 15. Be3 Qxd1+
16. Rxd1+ Kc8 17. Nd5 Rxa4 18. Nb6+ Kc7 19. Nxa4 $16) (14... Qc4 15. Bb2 Nb4
16. Bb5 Qe6+ 17. Be2 Nf6 (17... Qg6 18. Rc1) 18. O-O $16) 15. Bb2 e6 16. d5 $1
exd5 17. O-O Nf6 18. Bb3 d4 19. Ne2 Bd6 20. Ng3 $16 {, und der schwarze König
steht nach wie vor unsicher.}) (8... Nf6 $6 9. O-O $1 Bxf3 (9... Qa5 10. Bd2)
10. Qxf3 $16 {, und} Qxd4 {scheitert an} 11. Qb3 $1 Qa7 (11... b5 12. Nxb5 axb5
13. Bxb5 Rc8 14. Be3 Qxe4 15. Rac1 Nd7 16. Bxc6 Rxc6 17. f3 $18) 12. Be3 Qb8
13. Rac1 Qc7 14. Rxc6 $1 bxc6 15. Rc1 {usw. +-}) 9. O-O $1 {Nun ist guter Rat
wirklich teuer!} Qd8 $2 {Mit seinem zweiten Damenzug überspannt Schwarz den
Bogen und geht infolge der Stellungsöffnung an seinem Entwicklungsrückstand
unweigerlich zugrunde.} ({Alternativen:} 9... dxe4 $2 {provoziert} 10. d5 $1 {:
} O-O-O (10... exf3 11. dxc6 bxc6 12. Nc4 Qc5 (12... Qc7 13. Bf4) 13. Be3 Qxc4
14. Rc1 $18) 11. Be3 Qb4 (11... Qxb2 12. Bxc6 $1 Qxa3 (12... exf3 13. Qa4 $18)
13. Bxb7+ Kxb7 14. Qb1+ Ka8 15. Qb6 $18) 12. Rc1 exf3 13. Rc4 Qxb2 14. Bxc6
Qxa3 15. Qb1 bxc6 16. dxc6 $18) (9... Nf6 10. exd5 Nxd5 11. Nc4 Qc7 (11... Bxf3
12. Nxb6 Bxd1 13. Nxd5 Bxa4 14. Nc7+ Kd8 15. Nxa8 $16) 12. Nce5 Bxf3 13. Qxf3
e6 14. Nxc6 b5 (14... bxc6 15. Bd2 $16) 15. Bb3 $1 (15. Bxb5 $6 axb5 16. Ne5
Bd6 $14) 15... Qxc6 16. Bf4 Rd8 (16... Be7 $2 17. Rac1 Qd7 18. Bxd5 Qxd5 19.
Qxd5 exd5 20. Rfe1) 17. Rfc1 Qd7 18. Be5 $16 {mit wachsendem Druck}) (9... e6
10. exd5 exd5 11. Re1+ Be7 12. Qe2 {oder 12.Bf4 jeweils mit Initiative (+/-)})
({Auf} 9... Bxf3 {kann Weiß mit der Dame zurücknehmen und erlangt klaren
Vorteil:} 10. Qxf3 dxe4 (10... Qxd4 $2 11. Qb3 $1) (10... Qb4 11. Bxc6+ bxc6
12. exd5 cxd5 13. Qxd5 $16) 11. Qxe4 Nf6 12. Qf3 $16) 10. Qc2 $1 Rc8 (10... Nf6
11. Ne5 Bd7 12. Nxc6 bxc6 13. e5 Ng8 14. Bxc6 Rc8 15. Bxd7+ Qxd7 16. Qd3 Qb7
17. Bd2 e6 18. b4 $18) 11. Ne5 {Nun meldet sich auch noch der verschmähte
Springer, der gleich zum Riesenroß mutieren wird!} Bd7 ({Oder beispielsweise} 
11... Nf6 12. exd5 Qxd5 13. Bb3 {mit Qualitätsgewinn:} Nxe5 14. Qxc8+ Bxc8 15.
Bxd5 Nxd5 16. dxe5 $18) 12. Nxd7 b5 $6 (12... Qxd7 {verliert nach} 13. exd5
Qxd5 14. Nc4 {, z.B.} Qxd4 (14... Qd8 15. d5 b5 16. dxc6 Rxc6 17. Bb3 $18) 15.
Be3 Qf6 16. Nb6 $18) 13. Nxf8 bxa4 14. Nxh7 $1 $18 f6 ({Die eigentliche Pointe
ist, daß auf} 14... Rxh7 {der schlichte Doppelangriff} 15. exd5 $18 {
entscheidet.}) 15. e5 Kf7 ({Der Abzugsangriff} 15... Nxe5 {wäre wegen} 16. Qb1
{wirkungslos:} Nf7 17. Qg6 {,xg7+-. Das Partiefinale entbehrt nicht einer
gewissen Komik.}) 16. Qf5 ({oder auch} 16. e6+ Kxe6 17. Qg6) 16... Nh6 (16...
Nxd4 17. Ng5+ Kf8 18. Qd3) 17. e6+ Kg8 18. Bxh6 Rxh7 19. Be3 Qc7 20. h3 1-0

[Event "Benasque op 17th"]
[Site "Benasque"]
[Date "1997.??.??"]
[Round "5"]
[White "Galego, Luis"]
[Black "Ivanov, Sergey"]
[Result "1/2-1/2"]
[WhiteElo "2475"]
[BlackElo "2515"]
[Annotator "Ivanov,Se"]
[PlyCount "119"]
[EventDate "1997.07.??"]
[EventType "swiss"]
[EventRounds "9"]
[EventCountry "ESP"]
[SourceTitle "EXT 1998"]
[Source "ChessBase"]
[SourceDate "1997.11.17"]
[SourceVersion "1"]
[SourceVersionDate "1997.11.17"]
[SourceQuality "1"]

1. e4 c5 2. Nf3 Nc6 3. Bb5 d6 4. Bxc6+ bxc6 5. O-O e5 6. c3 f5 $5 (6... Bg4) (
6... Nf6 7. d4 (7. Re1 Bg4 8. d3 Be7 9. Nbd2 O-O 10. h3 Bh5 11. Nf1 Re8 12. Ng3
(12. g4 $5 Bg6 13. Ng3 $14) 12... Bg6 13. a3 (13. Nh4 $142 $1 $36) 13... Bf8 $6
(13... a5 $1 14. a4 h6 $1 {(Nistirjuk-Aronian,Moldova,1994} 15. Nh4 Bh7 16.
Nhf5 $13) 14. b4 a5 15. bxc5 dxc5 16. Bg5 $1 $14 {B.Pavlenko-Hachian,Moldova,
1994}) 7... exd4 8. cxd4 Nxe4 9. Re1 d5 10. Ne5 $6 (10. Ng5 $11) 10... Bd6 11.
Nxc6 Qc7 $15 {Verlan-Aronian,Moldova,1994}) 7. Qa4 (7. exf5 Nf6 (7... Bxf5 $5)
8. d4 cxd4 9. cxd4 e4 10. Re1 Be7 11. Ng5 Bxf5 12. Nc3 d5 13. f3 O-O 14. fxe4
$14 {Rublevsky-Kocur,Russia,1996}) 7... Nf6 $5 (7... fxe4 8. Qxc6+ Bd7 9. Qxe4
Nf6 10. Qe2 $14 {with the idea d3}) (7... Qc7 8. exf5 Bxf5 9. d4 e4 (9... cxd4
10. cxd4 e4 11. Re1 Be7 (11... Nf6 12. Nc3 d5 (12... Be7 13. Nh4) 13. Bf4 $5 (
13. Ne5) 13... Bd6 (13... Qxf4 14. Qxc6+ Kf7 15. Ne5+ {with the idea Qa8 +-})
14. Bxd6 Qxd6 15. Ne5 Bd7 16. f3 $16) 12. Nfd2 (12. Ng5 d5 13. Nc3 Nf6 14. Bf4
(14. f3 h6) 14... Qd7 $1 {with the idea} 15. f3 h6 $17) 12... d5 13. Nc3 Nf6
14. f3 Bd6 15. fxe4 (15. Nf1 O-O) 15... Bxh2+ 16. Kh1 Bg3 $13) 10. Re1 (10. Ng5
h6 (10... d5) 11. Nxe4 Bxe4 12. Re1 d5 13. f3 Bd6 $13) 10... Be7 (10... Nf6 11.
dxc5) 11. Nfd2 (11. Ng5 d5 12. Bf4 (12. f3 h6) 12... Qd7) 11... d5 {with the
idea Bd6 with counterplay}) 8. exf5 Bxf5 9. Qxc6+ Bd7 (9... Kf7 10. d4 $13) 10.
Qa6 e4 (10... Be7 11. Qe2 {(with the idea d3)} e4 12. Ng5 Bf5 13. f3) 11. Ng5 (
11. Re1 Be7 12. Ng5 d5 13. Ne6 (13. d3 h6 14. Ne6 Qc8 $17) 13... Qc8 14. Qxc8+
Rxc8 15. Nf4 (15. Nxg7+ $4 Kf7 $19) 15... g5 16. Ne2 Ng4 {with the idea Ne5
with initiative, xd3}) 11... h6 $5 (11... d5 12. Ne6) (11... Be7 12. d3) 12.
Nxe4 (12. Nh3 Bxh3 13. gxh3 Qd7 $36) 12... Nxe4 13. Re1 (13. Qe2 $2 Qe7 14. Re1
Nf6 15. Qd1 Be6 $19) 13... Qh4 14. Qe2 (14. g3 Qf6 15. Rxe4+ Be7 $44) 14... d5
15. d3 Bg4 16. Qf1 (16. f3 Bd6) (16. Qe3 $5) 16... Bd6 17. g3 (17. h3 $2 O-O
18. dxe4 Rxf2 $1 19. Qxf2 Bh2+ 20. Kf1 Bg3 $19) 17... Qh5 18. dxe4 O-O $44 19.
f4 (19. Be3 Bxg3 $1 20. hxg3 Bf3 $19) (19. Qd3 Qh3 (19... Rxf2 $5 20. Kxf2 (20.
Qxd5+ $142 Qxd5 21. exd5 Raf8 22. Be3 $1 Rxb2 23. Nd2 $13) 20... Qxh2+ 21. Ke3
d4+ $1 22. cxd4 Qxg3+ 23. Kd2 Qf2+ $40) (19... d4 20. cxd4 $2 (20. f4 $1 $13)
20... Rxf2 $1) 20. Qf1 $11) (19. Nd2 $5) 19... Rae8 20. Qd3 (20. Nd2 g5 $5) (
20. Be3 $142 Rxe4 (20... dxe4 $5 21. Nd2 g5 $36) 21. Nd2) 20... c4 (20... Bc7 {
(with the idea c4, Bb6)} 21. e5 {with the idea Qd5}) 21. Qd4 Bh3 (21... Bc7 22.
Qxa7 $5) 22. e5 Bxe5 $2 (22... Rxe5 $142 $1 23. Rxe5 (23. fxe5 Qf3 $19) 23...
Bxe5 24. Qxd5+ Kh8 25. Kf2 $8 (25. Be3 Qe2 $19) (25. Nd2 Qd1+ 26. Kf2 Bc7 {
with the idea Bb6 -+}) (25. Na3 Bd4+ $1 (25... Qe2 26. Bd2) 26. Qxd4 Qf3 27.
Qf2 Qd1+ $19) 25... Bg4 $40) 23. Qxd5+ (23. fxe5 Qf3 $19) 23... Kh8 24. Be3 (
24. fxe5 $2 Qe2 $1 $19) 24... Rxf4 $6 (24... Rd8) 25. Nd2 (25. Bxf4 $2 Bd4+ $1
26. Qxd4 Rxe1+ 27. Kf2 Qe2#) (25. gxf4 $1 Re6 (25... Qg4+ 26. Kh1 (26. Kf2 $2
Bf6 {with the idea Bh4}) 26... Bxf4 27. Rg1 $1 $18) 26. Nd2 (26. fxe5 Rg6+ (
26... Rxe5 27. Qa8+ Re8 28. Qb7) 27. Kh1 Bg2+ 28. Qxg2 Rxg2 29. Kxg2 $18) 26...
Rg6+ 27. Kh1 Bg2+ 28. Qxg2 Rxg2 29. Kxg2 $16) 25... Rf5 26. Qxc4 Ref8 (26...
Qg6 27. Bd4 $1) 27. Bxa7 $6 (27. Bd4 $142) 27... Qg6 {(with the idea Bg3)} 28.
Ne4 Qg4 {(with the idea Qf3)} (28... h5 $5 {with the idea h4}) 29. Qd3 (29. Nd2
Qg6 $11) 29... Rf3 30. Qc2 (30. Qe2 $2 Rf1+ 31. Rxf1 Rxf1+ 32. Qxf1 Bxf1 $19) (
30. Re3 Qxe4 $1 (30... Rf1+ 31. Rxf1 Rxf1+ 32. Qxf1 Bxf1 33. Kxf1 $16) 31. Rxe4
(31. Qxe4 $4 Rf1+ 32. Rxf1 Rxf1#) 31... Rxd3 32. Rxe5 Rd2 $13) 30... Bxg3 (
30... R8f5 $5) (30... h5 $5 {with the idea h4 with attack}) 31. hxg3 Rxg3+ 32.
Nxg3 Qxg3+ 33. Kh1 Bg4 34. Re2 (34. Rg1 $2 Qh3+ 35. Qh2 Bf3+ 36. Rg2 Bxg2+ 37.
Kg1 Qd7 38. Bd4 (38. Bc5 Rf5) 38... Bh3 $40) (34. Rf1 Bf3+ 35. Rxf3 Qxf3+ (
35... Rxf3 36. Qh2 (36. Bg1 $2 Qh4+ 37. Kg2 (37. Bh2 Rf2 $19) (37. Qh2 Rh3 $19)
37... Qh3#) 36... Qg4 37. Rg1 Qf5 (37... Qe4 38. Rg2 $16) 38. Bd4 (38. Rg3)
38... Rh3 39. Rxg7 $16) 36. Qg2 Qh5+ 37. Qh2 (37. Kg1 Rf4 {with the idea Rg4})
37... Qf3+ $11) (34. Re3) 34... Bf3+ (34... Bxe2 35. Qxe2 Rf4 36. Bg1 $18) (
34... Rf5 35. Rg2 $8 Bf3 {- 34...Bf3}) 35. Rg2 Rf5 (35... Qh4+ 36. Kg1 Bxg2 37.
Qxg2 Rf4 38. Bf2 $18) 36. Kg1 (36. Rf1 $2 Bxg2+ 37. Qxg2 Qh4+ 38. Kg1 Rg5 $19)
(36. Qf2 $2 Qh3+ 37. Kg1 Bxg2 38. Qxg2 Rg5 39. Qxg5 hxg5 {with the idea g4-g3
-+}) 36... Bxg2 37. Qxg2 Qd3 $8 (37... Qh4 38. Bf2) (37... Qf4 38. Rf1) (37...
Qe5 38. Bd4 Qe7 39. Qxg7+ $18) (37... Qc7 38. Be3) 38. Bf2 (38. Qa8+ $2 Kh7 39.
Bf2 Rg5+ 40. Kh2 Qe2 $19) 38... Rg5 39. Qxg5 hxg5 40. Re1 Kh7 41. a4 g4 42. Re3
Qb1+ 43. Kg2 Qxb2 44. a5 Qb5 45. Rg3 $11 Qd5+ 46. Kg1 Qd1+ 47. Kg2 Qd5+ 48. Kg1
Qxa5 49. c4 (49. Rxg4 Qxc3 $11) 49... Qa1+ 50. Kg2 Qa8+ 51. Kg1 Qe4 52. c5 Qc4
53. Kg2 Kg6 54. Kg1 Kf5 55. Kg2 g5 56. Kg1 Kf4 57. Kg2 Qc2 58. Kg1 Qe4 59. Kh2
Qd5 60. Kg1 1/2-1/2